00616nam a2200169 a 4500001000400000003000900004008004100013040002800054082001700082100002100099245005000120250000700170260003000177300001000207505021400217650001500431436CO-ViMGA141112s2004 ck r 000 u spa d aCO-ViMGAbspacCO-ViMGA04a610.734 D4841 aDivicenti, Marie10aAdministración de servicios de enfermería a2a aMexico : bLimusa, c1987 a499 p aEl paciente y sus necesidades 23 - - El papel y las funciones administrativas del director de enfermería 49 - - Medios de la administración 99 - - Establecimiento y conservación del ambiente humano 299 14aENFERMERIA